LEADER 01329nam 2200337Ia 450 001 996385961803316 005 20200818215802.0 035 $a(CKB)4940000000078788 035 $a(EEBO)2248577944 035 $a(OCoLC)ocm12743423e 035 $a(OCoLC)12743423 035 $a(EXLCZ)994940000000078788 100 $a19851031d1696 uy | 101 0 $aeng 135 $aurbn||||a|bb| 200 10$aRemarks on the R. Mr. Goodwins Discourse of the Gospel$b[electronic resource] $eproving that the Gospel-covenant is a law of grace, answering his objections to the contrary, and rescuing the texts of Holy Scripture, and many passages of ecclesiastical writers both ancient and modern, from the false glosses which he forces upon them /$fby William Lorimer .. 210 $aLondon $cPrinted for John Lawrence ...$d1696 215 $a[8], 180 p 300 $aErrata: prelim. p. [22]. 300 $aIncludes bibliographical references. 300 $aReproduction of original in Union Theological Seminary Library, New York. 330 $aeebo-0160 700 $aLorimer$b William$fd. 1721.$01002509 801 0$bEAA 801 1$bEAA 801 2$bm/c 801 2$bWaOLN 906 $aBOOK 912 $a996385961803316 996 $aRemarks on the R. Mr. Goodwins Discourse of the Gospel$92360357 997 $aUNISA LEADER 01357nam 2200397 450 001 996280115903316 005 20200415142827.0 010 $a1-5386-3360-4 035 $a(CKB)4100000007005837 035 $a(WaSeSS)IndRDA00121891 035 $a(EXLCZ)994100000007005837 100 $a20200415d2018 uy 0 101 0 $aeng 135 $aur||||||||||| 181 $ctxt$2rdacontent 182 $cc$2rdamedia 183 $acr$2rdacarrier 200 10$a2018 IEEE 17th International Conference on Cognitive Informatics & Cognitive Computing $e16-18 July 2018, Berkeley, CA, USA /$fIEEE Computer Society 210 1$aPiscataway, New Jersey :$cInstitute of Electrical and Electronics Engineers,$d2018. 215 $a1 online resource (186 pages) 311 $a1-5386-3361-2 606 $aComputational intelligence$vCongresses 606 $aNeural computers$vCongresses 606 $aCognitive science$vCongresses 608 $aElectronic books. 615 0$aComputational intelligence 615 0$aNeural computers 615 0$aCognitive science 676 $a006.3 712 02$aIEEE Computer Society, 801 0$bWaSeSS 801 1$bWaSeSS 906 $aPROCEEDING 912 $a996280115903316 996 $a2018 IEEE 17th International Conference on Cognitive Informatics & Cognitive Computing$92517000 997 $aUNISA LEADER 03932nam 22005775 450 001 9910253908703321 005 20251116182736.0 010 $a981-10-4810-X 024 7 $a10.1007/978-981-10-4810-4 035 $a(CKB)3710000001406279 035 $a(DE-He213)978-981-10-4810-4 035 $a(MiAaPQ)EBC4877884 035 $a(PPN)202989283 035 $a(iGPub)SPNA0054305 035 $a(EXLCZ)993710000001406279 100 $a20170614d2017 u| 0 101 0 $aeng 135 $aurnn|008mamaa 181 $ctxt$2rdacontent 182 $cc$2rdamedia 183 $acr$2rdacarrier 200 10$aBiology of Vascular Smooth Muscle: Vasoconstriction and Dilatation /$fby Yuansheng Gao 205 $a1st ed. 2017. 210 1$aSingapore :$cSpringer Singapore :$cImprint: Springer,$d2017. 215 $a1 online resource (XIII, 286 p. 43 illus., 33 illus. in color.) 311 08$a981-10-4809-6 320 $aIncludes bibliographical references at the end of each chapters. 327 $aArchitecture of the vessel wall -- Ultrastructure of vascular smooth muscle -- Vascular endothelium -- Electrical and mechanical properties of vascular smooth muscle -- Biochemistry of the contractile proteins of smooth muscle -- Metabolism of vascular smooth muscle -- Neurotransmitters -- Endothelium-derived factors -- Local metabolic factors -- Shear stress myogenic response and blood flow autoregulation -- Intracellular Ca2+ regulation -- Regulation of myosin light chain phosphorylation -- Cyclic AMP signalling -- Cyclic GMP signaling -- Coronary vasoreactivity -- Cerebral vasoreactivity -- Pulmonary vasoreactivity -- Hypoxic vasoreactivity -- Ageing and vasoreactivity. 330 $aThis book provides a concise yet comprehensive review of the morphological, biochemical, electrical, mechanical, and metabolic properties of vascular smooth muscle, the regulation of vascular activities and the intracellular signaling involved. It particularly focuses on recently identified vasoactive agents, enzymes and transduction mechanisms. It also discusses the latest findings in the regulation of cerebral, coronary and pulmonary circulation as well as vascular activity under hypoxia and ageing. The contraction and dilatation activities of vasculature are of fundamental importance for maintaining circulation homeostasis and adapting physiological changes. Over the last four decades, there have been significant advances in our understanding of the biochemical, structural, genetic, physiological, and pharmacological aspects of vascular activity regulation, and these insights into the responsiveness of blood vessels under normal and pathophysiological conditions help to provide valuable weapons in the fight vascular diseases. The book is of interest to researchers and graduate students, both in basic research and in clinic settings, in the field of vascular biology. 606 $aHuman physiology 606 $aCell physiology 606 $aAngiology 606 $aMolecular biology 606 $aHuman Physiology$3https://scigraph.springernature.com/ontologies/product-market-codes/B13004 606 $aCell Physiology$3https://scigraph.springernature.com/ontologies/product-market-codes/L33010 606 $aAngiology$3https://scigraph.springernature.com/ontologies/product-market-codes/H33010 606 $aMolecular Medicine$3https://scigraph.springernature.com/ontologies/product-market-codes/B1700X 615 0$aHuman physiology. 615 0$aCell physiology. 615 0$aAngiology. 615 0$aMolecular biology. 615 14$aHuman Physiology. 615 24$aCell Physiology. 615 24$aAngiology. 615 24$aMolecular Medicine. 676 $a612 700 $aGao$b Yuansheng$4aut$4http://id.loc.gov/vocabulary/relators/aut$0989761 906 $aBOOK 912 $a9910253908703321 996 $aBiology of Vascular Smooth Muscle$92996350 997 $aUNINA